| 000 | 00505nam a22001817a 4500 | ||
|---|---|---|---|
| 999 |
_c526742 _d526742 |
||
| 003 | NUST | ||
| 020 | _qHBK | ||
| 038 | _aFaiza | ||
| 082 |
_a891.423 _bKAN |
||
| 100 |
_aMushtaq, Kanwal _914830 |
||
| 245 |
_aKaaghaz dy jahaaz / _cKanwal Mushtaq |
||
| 260 |
_aLahore : _bPunjabi Markaz, _c2005. |
||
| 300 | _a128 p. ; | ||
| 880 |
_6100-01\r _aکنول مشتاق |
||
| 880 |
_6245-02\r _aکاغذ دے جہاز / |
||
| 880 |
_6260-03\r _aلاہور : _bپنجابی مرکز, _c۲۰۰۵. |
||
| 942 |
_2ddc _cBK |
||